Statistics for Countries Qualified for Rugby World Cup 2019

Click here to take the quiz!

General Stats

  • This quiz has been taken 60 times
    (26 since last reset)
  • The average score is 17 of 20

Answer Stats

PoolTeam% Correct
BCanada
95%
CEngland
95%
AIreland
95%
BNew Zealand
95%
AScotland
95%
DWales
95%
DAustralia
91%
BSouth Africa
91%
CUSA
91%
CArgentina
86%
DFiji
86%
CFrance
86%
AJapan
86%
CTonga
86%
BItaly
82%
ARussia
82%
ASamoa
82%
DGeorgia
68%
DUruguay
68%
BNamibia
59%

Score Distribution

Percentile by Number Answered

Percent of People with Each Score

Your Score History

You have not taken this quiz since the last reset